Reflotamiento (Registro nro. 298656)

Detalles MARC
000 -ENCABEZADO
Número de control [NR] 01044 a2200253 4500
005 - FECHA Y HORA DE LA ÚLTIMA TRANSACCIÓN
control field 20150317070955.0
008 - DE LONGITUD FIJA DE DATOS DE ELEMENTOS - INFORMACIÓN GENERAL
Elementos de longitud fija [NR] 150213s2005 ck ad fr|||| 00| 0 spa d
020 ## - NUMERO INTERNACIONAL NORMALIZADO PARA LIBROS [R]
Número Internacional Normalizado del libro [NR] 9789586881227
040 ## - FUENTE DE CATALOGACION [NR]
Agencia de catalogación original [NR] CO-BoUCM
Idioma de catalogación [NR] spa
Quien Cataloga Jose A. Gerena (modificó)
Quien Clasifica Jose A. Gerena
041 0# - CODIGO DE IDIOMA [R]
Código de idioma para texto/pista de sonido o título separado [R] Español
100 1# - ASIENTO PRINCIPAL--NOMBRE PERSONAL [NR]
Nombre personal [NR] Flint, Pinkas
ID Autoridad 67432
245 10 - MENCION DE TITULO [NR]
Título [NR] Reflotamiento
Parte restante del título [NR] aspectos económicos y financieros aplicables a la gestión de empresas en crisis
Mención de responsabilidad, etc. [NR] Pinkas Flint
260 ## - PUBLICACION, DISTRIBUCION, ETC. (PIE DE IMPRENTA) [R]
Fecha de publicación, distribución, etc. [R] 2005
Nombre del editor, distribuidor, etc. [R] Uniempresarial
-- Cámara de Comercio de Bogotá
Lugar de publicación, distribución, etc. [R] Bogotá (Colombia)
300 ## - DESCRIPCION FISICA [R]
Extensión [R] liii, 933 páginas
Otros detalles físicos [NR] ilustraciones, cuadros, gráficas
Material acompañante [NR] 1 CD-ROM
504 ## - NOTA DE BIBLIOGRAFIA, ETC. [R]
Nota de bibliografía, etc. [NR] Incluye referencias bibliográficas
650 #7 - ASIENTO SECUNDARIO DE MATERIA - TERMINO TEMATICO [R]
Término temático o nombre geográfico como elemento de entrada [NR] Administración de empresas
9 (RLIN) 26444
650 #7 - ASIENTO SECUNDARIO DE MATERIA - TERMINO TEMATICO [R]
9 (RLIN) 7360
Término temático o nombre geográfico como elemento de entrada [NR] Cambio organizacional
650 #7 - ASIENTO SECUNDARIO DE MATERIA - TERMINO TEMATICO [R]
9 (RLIN) 21662
Término temático o nombre geográfico como elemento de entrada [NR] Planificación estratégica
650 #7 - ASIENTO SECUNDARIO DE MATERIA - TERMINO TEMATICO [R]
9 (RLIN) 12962
Término temático o nombre geográfico como elemento de entrada [NR] Desarrollo empresarial
650 #7 - ASIENTO SECUNDARIO DE MATERIA - TERMINO TEMATICO [R]
9 (RLIN) 12164
Término temático o nombre geográfico como elemento de entrada [NR] Crisis en los negocios
690 ## - ASUNTO AGREGADO LOCAL DE ENTRADA - TÉRMINO TEMÁTICO (OCLC, RLIN)
9 (RLIN) 42736
Acceso temático local Administración de empresas
942 ## - ELEMENTOS DE ENTRADA AGREGADOS (KOHA)
Sistema de clasificación DEWEY
Tema principal Administración
Tipo de ítem principal el descrito en 300a Libro
Edición 1
Clasificación 658.4063
Parte restante de la signatura top. F623
Existencias
Fecha de último préstamo Total préstamos Total Renewals Signatura topográfica Código de barras Última vez visto Ejemplar Costo de reposición Price effective from Tipo de ítem Perdido Sistema de clasificación Dañado No prestable Tipo de ítem específico Suprimido Ubicación habitual Ubicación actual Localización Fecha de creación Proveedor Forma de adquisición Costo Volúmen / Fascículo
04/03/2015 2 1 658.4063 F623 100145072 04/12/2024 Ej.2 76500.00 13/02/2015 Libro   DEWEY     Libro   Bodega Bodega 5to piso 13/02/2015 10 Compra 76500.00  
      658.4063 F623 100145073 29/08/2023 Ej.1   13/02/2015 Multimedia   DEWEY     CD-Rom   Bodega Bodega Préstamo 4 días después de solicitado 13/02/2015   Compra   CD-ROM